[Event "2.BLO 1617 SK Passau - SC Erlangen"]
[Site "?"]
[Date "2016.12.04"]
[Round "6.1"]
[White "Wenninger, Philipp"]
[Black "Velicka, Petr"]
[Result "1/2-1/2"]
[WhiteElo "2332"]
[BlackElo "2437"]
[PlyCount "38"]
[EventDate "2016.??.??"]

{H-H (Event "2. BLO SK Passau - SC Erlangen")} 1. d4 d5 2. c4 c6 3. Nf3 Nf6 4.
Nc3 e6 5. Bg5 Nbd7 6. e3 Qa5 7. cxd5 Nxd5 8. Qd2 Bb4 9. Rc1 O-O 10. Bd3 e5 11.
O-O exd4 12. exd4 N7f6 13. a3 Be7 14. Rfe1 Qd8 15. Bb1 Be6 16. Ne5 Qd6 17. Nc4
Qd8 18. Ne5 Qd6 19. Nc4 Qd8 1/2-1/2

[Event "2.BLO 1617 SK Passau - SC Erlangen"]
[Site "?"]
[Date "2016.12.04"]
[Round "6.2"]
[White "Suran, Jan"]
[Black "Hilverda, Alexander"]
[Result "1/2-1/2"]
[WhiteElo "2425"]
[BlackElo "2389"]
[PlyCount "163"]
[EventDate "2016.??.??"]

{H-H (Event "2. BLO SK Passau - SC Erlangen")} 1. e4 e5 2. Nf3 Nc6 3. Bb5 a6 4.
Ba4 Nf6 5. O-O Be7 6. Re1 b5 7. Bb3 d6 8. c3 O-O 9. a4 Bg4 10. h3 Bxf3 11. Qxf3
Na5 12. Ba2 b4 13. cxb4 Nc6 14. Qc3 Qd7 15. Na3 d5 16. b5 Nd4 17. d3 a5 18. Bg5
Bb4 19. Qc1 Bxe1 20. Qxe1 dxe4 21. Bxf6 gxf6 22. dxe4 c6 23. bxc6 Nxc6 24. Bd5
Rab8 25. Nb5 Nd4 26. Qxa5 Nxb5 27. axb5 Qxb5 28. Qxb5 Rxb5 29. b3 h5 30. h4 Kg7
31. Ra7 f5 32. Bc4 Rb6 33. exf5 Rf6 34. Bd3 Rd8 35. Be4 Rd4 36. f3 Rb6 37. Ra2
Rxb3 38. Kf2 Rdb4 39. g3 Rb2+ 40. Rxb2 Rxb2+ 41. Kf1 Kf6 42. Kg1 Rb4 43. Kg2
Ke7 44. Bd5 Rd4 45. Bc6 Rd6 46. Be4 Rd2+ 47. Kh3 Re2 48. Bd5 Rd2 49. Be4 Rd4
50. Bc6 Rc4 51. Bd5 Rc5 52. Be4 Rc3 53. Bd5 Ke8 54. Be4 Kd7 55. Bd5 Ke7 56. Be4
Kd6 57. g4 hxg4+ 58. Kxg4 f6 59. Kh5 Ke7 60. Kg6 Rc1 61. h5 Rg1+ 62. Kh7 Rg3
63. h6 Kd6 64. Kh8 Kc5 65. h7 Kd4 66. Bc6 Ke3 67. Be8 Kxf3 68. Bg6 e4 69. Kg7
Rh3 70. h8=Q Rxh8 71. Kxh8 Kg4 72. Kg7 e3 73. Kh6 Kf4 74. Bh5 Kxf5 75. Be2 Kf4
76. Kh5 f5 77. Kh4 Ke5 78. Kg3 Ke4 79. Bf3+ Kd3 80. Kf4 e2 81. Bxe2+ Kxe2 82.
Kxf5 1/2-1/2

[Event "2.BLO 1617 SK Passau - SC Erlangen"]
[Site "?"]
[Date "2016.12.04"]
[Round "6.3"]
[White "Klek, Hanna Marie"]
[Black "Weiss, Christian"]
[Result "1-0"]
[WhiteElo "2336"]
[BlackElo "2362"]
[PlyCount "95"]
[EventDate "2016.??.??"]

{H-H (Event "2. BLO SK Passau - SC Erlangen")} 1. e4 c6 2. Nc3 g6 3. d4 Bg7 4.
h3 d6 5. Be3 b5 6. a3 Bb7 7. Nf3 Nd7 8. Bd3 a6 9. Ne2 c5 10. c3 c4 11. Bc2 e5
12. Ng3 Ngf6 13. O-O O-O 14. Nd2 Ne8 15. f4 exd4 16. cxd4 Rc8 17. Nb1 Bh6 18.
Nc3 Ng7 19. Qg4 Rc7 20. Rae1 Kh8 21. f5 Bxe3+ 22. Rxe3 Nf6 23. Qh4 Ng8 24. f6
Ne6 25. Nge2 Re8 26. g4 Nf8 27. g5 Bc6 28. b3 Rb7 29. Qg3 Qc7 30. Nf4 Qb8 31.
Rb1 Qa7 32. Nfe2 Rd8 33. h4 a5 34. bxc4 bxc4 35. h5 Rxb1+ 36. Bxb1 gxh5 37. Qh4
Rb8 38. Qxh5 Rb2 39. Ba2 Rxa2 40. Nxa2 Ne6 41. Nac3 Nxd4 42. Nxd4 Qxd4 43. Kf2
Be8 44. Ke2 Qe5 45. Qh4 h6 46. Qg3 Bc6 47. Qxe5 dxe5 48. Rg3 1-0

[Event "2.BLO 1617 SK Passau - SC Erlangen"]
[Site "?"]
[Date "2016.12.04"]
[Round "6.4"]
[White "Hiermann, Dietmar"]
[Black "Miller, Eduard"]
[Result "0-1"]
[WhiteElo "2269"]
[BlackElo "2320"]
[PlyCount "90"]
[EventDate "2016.??.??"]

{H-H (Event "2. BLO SK Passau - SC Erlangen")} 1. e4 c6 2. d4 d5 3. exd5 cxd5
4. Bd3 Nc6 5. c3 Nf6 6. h3 g6 7. Bf4 Bg7 8. Nf3 O-O 9. Nbd2 Nh5 10. Bh2 Bh6 11.
O-O Nf4 12. Bxf4 Bxf4 13. Re1 Qd6 14. Nb3 b6 15. a4 f6 16. Bb5 Bd7 17. Nc1 e5
18. Nd3 e4 19. Nxf4 Qxf4 20. Qb3 Qf5 21. Nd2 Kh8 22. Nf1 Na5 23. Bxd7 Qxd7 24.
Qb5 Qd6 25. Ne3 Rfd8 26. Qe2 f5 27. Rad1 Rac8 28. Qc2 f4 29. Ng4 Nc6 30. Qe2 h5
31. Ne5 Nxe5 32. dxe5 Qxe5 33. Rd4 Rf8 34. Qd2 Rf5 35. Rd1 e3 36. Qe2 Re8 37.
Qf3 exf2+ 38. Qxf2 f3 39. gxf3 Rg5+ 40. Kf1 Qf5 41. Rh4 Rf8 42. Qd4+ Kh7 43.
Rd3 Rg3 44. Qxd5 Rxf3+ 45. Qxf3 Qxd3+ 0-1

[Event "2.BLO 1617 SK Passau - SC Erlangen"]
[Site "?"]
[Date "2016.12.04"]
[Round "6.5"]
[White "Merkert, Maximilian"]
[Black "Pflug, Matthias"]
[Result "1/2-1/2"]
[WhiteElo "2236"]
[BlackElo "2265"]
[PlyCount "107"]
[EventDate "2016.??.??"]

{H-H (Event "2. BLO SK Passau - SC Erlangen")} 1. c4 Nf6 2. g3 g6 3. Bg2 Bg7 4.
Nc3 O-O 5. e4 d6 6. Nge2 c5 7. O-O Nc6 8. d3 a6 9. h3 Rb8 10. a4 Ne8 11. Be3
Nc7 12. d4 cxd4 13. Nxd4 Ne6 14. Nde2 Na5 15. b3 Bd7 16. Ra2 b5 17. cxb5 axb5
18. b4 Nc4 19. Ba7 bxa4 20. Bxb8 Qxb8 21. Nxa4 Qxb4 22. Qb1 Qa5 23. Nb2 Qb5 24.
Nxc4 Qxc4 25. Rc1 Qb5 26. Qxb5 Bxb5 27. Bf1 Nc5 28. f3 Bh6 29. Rc3 Bg7 30. Rc1
Bh6 31. Rc3 Bg7 32. Rca3 f5 33. exf5 Rxf5 34. Nf4 Bd4+ 35. Kg2 Bxf1+ 36. Kxf1
Kf7 37. Kg2 Ne6 38. Nxe6 Kxe6 39. Rb3 g5 40. Re2+ Kf7 41. Rb7 Bf6 42. Rd2 Ke6
43. Re2+ Kf7 44. Ra2 h5 45. g4 hxg4 46. hxg4 Rc5 47. Rba7 Be5 48. R7a5 Rc1 49.
R5a3 Rc8 50. Kf2 Ke6 51. Ra8 Rc3 52. Ke2 Rb3 53. R8a3 Rb1 54. Ra5 1/2-1/2

[Event "2.BLO 1617 SK Passau - SC Erlangen"]
[Site "?"]
[Date "2016.12.04"]
[Round "6.6"]
[White "Hellmayr, Alois"]
[Black "Liepold, Stefan"]
[Result "1/2-1/2"]
[WhiteElo "2223"]
[BlackElo "2191"]
[PlyCount "57"]
[EventDate "2016.??.??"]

{H-H (Event "2. BLO SK Passau - SC Erlangen")} 1. Nf3 Nf6 2. g3 g6 3. b3 Bg7 4.
Bb2 O-O 5. d4 d5 6. Bg2 Bf5 7. Nbd2 c6 8. O-O a5 9. c4 Na6 10. Nh4 Bg4 11. Rc1
Nb4 12. h3 Be6 13. a3 Na6 14. Nhf3 Bf5 15. Ne5 Nd7 16. cxd5 cxd5 17. g4 Be6 18.
Nd3 Nf6 19. e3 Bd7 20. Qe2 e6 21. Ne5 a4 22. Nxd7 Qxd7 23. bxa4 Qxa4 24. Rc3
Rfc8 25. Rfc1 Rxc3 26. Rxc3 Ne8 27. Bf1 Nd6 28. Qd3 Bf6 29. Qc2 1/2-1/2

[Event "2.BLO 1617 SK Passau - SC Erlangen"]
[Site "?"]
[Date "2016.12.04"]
[Round "6.7"]
[White "Walter, Thomas"]
[Black "Offinger, Robert"]
[Result "1-0"]
[WhiteElo "2178"]
[BlackElo "2194"]
[PlyCount "71"]
[EventDate "2016.??.??"]

{H-H (Event "2. BLO SK Passau - SC Erlangen")} 1. e4 e6 2. d4 d5 3. Nc3 Nf6 4.
e5 Nfd7 5. f4 c5 6. Nf3 Be7 7. Be3 b6 8. Be2 Nc6 9. O-O O-O 10. Kh1 a6 11. Qe1
Qc7 12. Rd1 Bb7 13. Qg3 cxd4 14. Nxd4 Nxd4 15. Bxd4 Bc5 16. Bg4 Bxd4 17. Rxd4
g6 18. Qh3 Nc5 19. Rf3 Kg7 20. Qh4 Qd8 21. Qe1 Qe7 22. Qe3 Rfd8 23. Rh3 Rh8 24.
f5 exf5 25. Bxf5 Rae8 26. Qh6+ Kg8 27. Nxd5 Bxd5 28. Rxd5 Qf6 29. Rf3 Rxe5 30.
Rxe5 Qxe5 31. Re3 Qb8 32. b4 Qd8 33. Bg4 Ne6 34. Rxe6 Qd7 35. Rxg6+ hxg6 36.
Qxh8+ 1-0

[Event "2.BLO 1617 SK Passau - SC Erlangen"]
[Site "?"]
[Date "2016.12.04"]
[Round "6.8"]
[White "Linhart, Wolfgang"]
[Black "Boettger, Lukas"]
[Result "1-0"]
[WhiteElo "2116"]
[BlackElo "2246"]
[PlyCount "145"]
[EventDate "2016.??.??"]

{H-H (Event "2. BLO SC Garching - SC Forchheim")} 1. d4 Nf6 2. Nf3 c5 3. c3 e6
4. e3 d5 5. Nbd2 Nbd7 6. Bd3 Bd6 7. O-O O-O 8. e4 cxd4 9. cxd4 dxe4 10. Nxe4
Be7 11. Qe2 b6 12. a3 Bb7 13. Nc3 Rc8 14. Bf4 Re8 15. Ba6 Bxa6 16. Qxa6 Ra8 17.
Rac1 Qc8 18. Qa4 Qb7 19. Rfd1 a6 20. Ne5 b5 21. Qb3 Red8 22. Re1 Nf8 23. Red1
Ng6 24. Bg3 Rac8 25. h3 Bd6 26. Re1 Bb8 27. Rcd1 Ba7 28. Nxg6 hxg6 29. Be5 Nd5
30. Ne4 Qc6 31. Qf3 f6 32. Bg3 Ne7 33. Nxf6+ Kh8 34. Ne4 Nf5 35. Qg4 Bxd4 36.
Qxg6 Qe8 37. Qxe8+ Rxe8 38. Rxd4 Nxd4 39. Nd6 Red8 40. Nxc8 Rxc8 41. Be5 Nf5
42. Bc3 Rc6 43. Rd1 Nd6 44. Rd4 Kg8 45. a4 bxa4 46. Rxa4 Kf7 47. Rf4+ Kg8 48.
Rg4 Ne8 49. Rb4 Nd6 50. h4 Kf7 51. Rf4+ Kg8 52. Rg4 Ne8 53. Rf4 Nd6 54. Rg4 Ne8
55. Kf1 Kf7 56. Ke2 Rc5 57. g3 Kg8 58. Rd4 Nf6 59. Rd6 Ne4 60. Rxe6 Nxc3+ 61.
bxc3 Rxc3 62. Rxa6 Kf7 63. Kf1 Rc4 64. Kg2 Rc2 65. g4 Kg8 66. Kg3 Kh7 67. h5
Rb2 68. f3 Rb1 69. f4 Rb4 70. f5 Rc4 71. Kh4 Rb4 72. Kg5 Rc4 73. h6 1-0

[Event "2.BLO 1617 SC Garching - SC Forchheim"]
[Site "?"]
[Date "2016.12.04"]
[Round "6.1"]
[White "Jirovsky, Milos"]
[Black "Stocek, Jiri"]
[Result "1/2-1/2"]
[WhiteElo "2441"]
[BlackElo "2546"]
[PlyCount "77"]
[EventDate "2016.??.??"]

{H-H (Event "2. BLO SC Garching - SC Forchheim")} 1. Nf3 d6 2. d4 g6 3. g3 Bg7
4. Bg2 c5 5. c3 Qc7 6. O-O Nf6 7. Re1 Bg4 8. Nbd2 cxd4 9. cxd4 Nc6 10. h3 Bd7
11. a3 O-O 12. b3 Rac8 13. Bb2 d5 14. Rc1 Qd6 15. e3 Rc7 16. b4 Rfc8 17. Qb3 h5
18. Rc3 Bf5 19. Rec1 Ne4 20. Nxe4 Bxe4 21. Qd1 e6 22. Qe2 Bh6 23. Qd1 a6 24.
Rc5 b6 25. R5c3 Ne7 26. Ne5 Rxc3 27. Rxc3 Rxc3 28. Bxc3 f6 29. Nf3 Qc7 30. Be1
Nf5 31. Bf1 Bxf3 32. Qxf3 Qc1 33. g4 hxg4 34. hxg4 Qxe1 35. gxf5 gxf5 36. Qg3+
Kf7 37. Qc7+ Kg6 38. Qxb6 Bxe3 39. fxe3 1/2-1/2

[Event "2.BLO 1617 SC Garching - SC Forchheim"]
[Site "?"]
[Date "2016.12.04"]
[Round "6.2"]
[White "Bredl, Harald"]
[Black "Jansa, Vlastimil"]
[Result "0-1"]
[WhiteElo "2342"]
[BlackElo "2419"]
[PlyCount "88"]
[EventDate "2016.??.??"]

{H-H (Event "2. BLO SC Garching - SC Forchheim")} 1. d4 Nf6 2. Bg5 d5 3. e3 Bg4
4. Ne2 Nbd7 5. f3 Bf5 6. g4 Bg6 7. Nf4 c6 8. Nd3 h5 9. Nf4 e5 10. Nxg6 fxg6 11.
Bd3 e4 12. Be2 exf3 13. Bxf3 hxg4 14. Bxg4 Be7 15. Bf3 Nh5 16. Bxe7 Qxe7 17.
Qe2 O-O 18. Nd2 Rae8 19. O-O-O Qxe3 20. Qxe3 Rxe3 21. Bg4 Ndf6 22. Bf3 Nh7 23.
Bg4 N5f6 24. Bf3 Ng5 25. Rdf1 Nxf3 26. Rxf3 Rfe8 27. Rxe3 Rxe3 28. Nb3 b6 29.
Kd2 Rh3 30. Nc1 Ne4+ 31. Ke1 Ng3 32. Rg1 Nf5 33. Ne2 Rxh2 34. Rxg6 Kf7 35. Rg1
Kf6 36. Rf1 Kg5 37. Rf2 Rxf2 38. Kxf2 Kg4 39. c3 g5 40. Kg2 Ne3+ 41. Kg1 Kf3
42. Nc1 Ke4 43. b3 Nd1 44. Ne2 Kd3 0-1

[Event "2.BLO 1617 SC Garching - SC Forchheim"]
[Site "?"]
[Date "2016.12.04"]
[Round "6.3"]
[White "Rupprecht, Andreas"]
[Black "Seifert, Volker"]
[Result "1-0"]
[WhiteElo "2424"]
[BlackElo "2362"]
[PlyCount "121"]
[EventDate "2016.??.??"]

{H-H (Event "2. BLO SC Garching - SC Forchheim")} 1. Nf3 e6 2. g3 d5 3. Bg2 Nf6
4. O-O Be7 5. b3 O-O 6. c4 c5 7. Bb2 Nc6 8. e3 b6 9. Nc3 Bb7 10. cxd5 Nxd5 11.
Nxd5 Qxd5 12. d4 Rad8 13. Ne5 Qd6 14. dxc5 Qxc5 15. Nd7 Qg5 16. h4 Qh6 17. Rc1
e5 18. Qg4 Rfe8 19. Nxe5 Nxe5 20. Bxe5 Bxg2 21. Kxg2 Ba3 22. Bf4 Qe6 23. Qxe6
fxe6 24. Rc7 e5 25. Bg5 Ra8 26. e4 Rec8 27. Rxc8+ Rxc8 28. Rd1 Rc7 29. Rd5 Bb2
30. Be3 Kf7 31. a4 Bc3 32. Kf3 Ke6 33. Ke2 Bb4 34. Rb5 Bc3 35. Kd3 Bb2 36. f4
exf4 37. gxf4 Rc3+ 38. Kd2 Rc6 39. f5+ Kf6 40. Bg5+ Kf7 41. Rd5 h6 42. Be3 g6
43. fxg6+ Kxg6 44. h5+ Kf6 45. Kd3 Rc3+ 46. Ke2 Rxb3 47. Rb5 Ra3 48. Rxb2 Rxa4
49. Kf3 Ra5 50. Kg4 Ra4 51. Rf2+ Ke6 52. Kf3 Ra5 53. Rh2 Ra3 54. Rg2 b5 55.
Rg6+ Kf7 56. Rxh6 Kg7 57. Rd6 b4 58. h6+ Kh8 59. Rd8+ Kh7 60. Rd7+ Kg6 61. h7
1-0

[Event "2.BLO 1617 SC Garching - SC Forchheim"]
[Site "?"]
[Date "2016.12.04"]
[Round "6.4"]
[White "Koepke, Christian"]
[Black "Ott, Florian"]
[Result "0-1"]
[WhiteElo "2311"]
[BlackElo "2325"]
[PlyCount "56"]
[EventDate "2016.??.??"]

{H-H (Event "2. BLO SC Garching - SC Forchheim")} 1. e4 c5 2. Nf3 d6 3. d4 cxd4
4. Nxd4 Nf6 5. Nc3 a6 6. Be3 e5 7. Nb3 Be7 8. f3 Be6 9. Qd2 O-O 10. O-O-O Nbd7
11. g4 b5 12. g5 b4 13. Ne2 Ne8 14. f4 a5 15. f5 a4 16. fxe6 axb3 17. cxb3 fxe6
18. Bh3 Nc7 19. Kb1 Ra6 20. Qd3 Qa8 21. Nc1 Kh8 22. Rhf1 d5 23. exd5 Nxd5 24.
Rxf8+ Nxf8 25. Bg2 Ra5 26. Qe4 Nxe3 27. Qxa8 Rxa8 28. Bxa8 Nxd1 0-1

[Event "2.BLO 1617 SC Garching - SC Forchheim"]
[Site "?"]
[Date "2016.12.04"]
[Round "6.5"]
[White "Heidrich, Manfred"]
[Black "Levushkina, Elena"]
[Result "1/2-1/2"]
[WhiteElo "2362"]
[BlackElo "2317"]
[PlyCount "163"]
[EventDate "2016.??.??"]

{H-H (Event "2. BLO SC Garching - SC Forchheim")} 1. f4 d5 2. Nf3 Bg4 3. e3 Nf6
4. Be2 Nbd7 5. Nc3 c6 6. d3 Bxf3 7. Bxf3 e5 8. O-O Bd6 9. g3 h5 10. e4 dxe4 11.
Nxe4 Nxe4 12. dxe4 Bc5+ 13. Kg2 h4 14. f5 hxg3 15. hxg3 Qb6 16. c3 Be3 17. Qb3
Bxc1 18. Raxc1 O-O-O 19. Qxb6 Nxb6 20. Rf2 Nc4 21. Re1 Kc7 22. Rfe2 Rd3 23. Kf2
a5 24. b3 Na3 25. Re3 Rd2+ 26. R3e2 Rd6 27. Rc1 Rd3 28. Bg2 Nb5 29. Rec2 Rh2
30. Kg1 Rh5 31. Kf2 Rh2 32. Kg1 Rh8 33. Kf2 Na3 34. Re2 a4 35. Re3 Rd2+ 36. Re2
Rd3 37. Re3 Rd2+ 38. Re2 Rd6 39. Ree1 Rhd8 40. Bf3 Rd2+ 41. Re2 R2d3 42. Re3
Rd2+ 43. Re2 R2d7 44. Ree1 Rd6 45. Re3 axb3 46. axb3 Nb5 47. Re2 Rd3 48. Re3
Rd2+ 49. Re2 Rd1 50. Rcc2 Rb1 51. Bh5 Rxb3 52. Bxf7 Rxc3 53. Rxc3 Nxc3 54. Re1
Rd4 55. Kf3 Kd6 56. g4 Ke7 57. Be6 Kf6 58. g5+ Ke7 59. Re3 Nb5 60. Kg4 Nd6 61.
Kh5 Rxe4 62. Rh3 Ne8 63. Kg6 Rd4 64. Rb3 b5 65. Ra3 Nc7 66. Ra7 Kd6 67. Bc8 Ra4
68. Rxa4 bxa4 69. Kxg7 a3 70. f6 Ne8+ 71. Kg8 Nxf6+ 72. gxf6 a2 73. f7 a1=Q 74.
f8=Q+ Kc7 75. Bf5 Qd4 76. Kf7 Qd5+ 77. Kf6 Qd6+ 78. Qxd6+ Kxd6 79. Be4 c5 80.
Kf5 c4 81. Kf6 c3 82. Kf5 1/2-1/2

[Event "2.BLO 1617 SC Garching - SC Forchheim"]
[Site "?"]
[Date "2016.12.04"]
[Round "6.6"]
[White "Schmitz, Thorsten"]
[Black "Doeres, Hans-Juergen"]
[Result "0-1"]
[WhiteElo "2301"]
[BlackElo "2204"]
[PlyCount "50"]
[EventDate "2016.??.??"]

{H-H (Event "2. BLO SC Garching - SC Forchheim")} 1. e4 c5 2. c3 Nf6 3. e5 Nd5
4. d4 cxd4 5. cxd4 e6 6. Nf3 d6 7. Be2 Nd7 8. O-O dxe5 9. dxe5 Be7 10. Bd2 O-O
11. Nc3 Nxc3 12. Bxc3 Nb6 13. Rc1 Nd5 14. Qa4 Bd7 15. Qg4 Qb6 16. Bd2 Rfc8 17.
Bc4 Bb5 18. b3 Ba3 19. Rcd1 Bxc4 20. bxc4 Ne7 21. Ng5 Nf5 22. Qh5 Nh6 23. Nxh7
Kxh7 24. Bxh6 g6 25. Qh3 Rc7 0-1

[Event "2.BLO 1617 SC Garching - SC Forchheim"]
[Site "?"]
[Date "2016.12.04"]
[Round "6.8"]
[White "Rusche, Johannes"]
[Black "Seyb, Dieter"]
[Result "1-0"]
[WhiteElo "2275"]
[BlackElo "2235"]
[PlyCount "143"]
[EventDate "2016.??.??"]

{H-H} 1. e4 e6 2. d4 d5 3. Nd2 dxe4 4. Nxe4 Bd7 5. Nf3 Bc6 6. Bd3 Nd7 7. O-O
Ngf6 8. Ned2 Be7 9. Re1 O-O 10. c3 b6 11. Qe2 Bb7 12. Ng5 Bd6 13. Nc4 h6 14.
Nf3 Re8 15. Nfe5 Bf8 16. Bf4 c5 17. dxc5 Nxc5 18. Bc2 Nd5 19. Qh5 Qf6 20. Bg3
g6 21. Qg4 h5 22. Qf3 Qxf3 23. Nxf3 Rad8 24. Rad1 Be7 25. h4 Ba6 26. Nce5 Bb7
27. Nc4 Ba6 28. Nce5 Bb7 29. Nd4 Rc8 30. Nc4 Red8 31. Nb5 Ba6 32. a4 Nb7 33.
Ne5 Nc5 34. Nxa7 Ra8 35. Nac6 Re8 36. Nxe7+ Rxe7 37. Nxg6 Rea7 38. Nf4 Bc4 39.
Nxd5 Bxd5 40. Re5 Nxa4 41. Rxh5 Nxb2 42. Rd4 f6 43. Rh6 Rg7 44. Rxf6 Ra1+ 45.
Kh2 Rc1 46. Be4 Rxc3 47. Bxd5 exd5 48. Rxb6 Nd3 49. Rb8+ Kh7 50. Rxd5 Rf7 51.
Rh5+ Kg6 52. Rg5+ Kf6 53. Rb6+ Ke7 54. Rb7+ Kf6 55. Rxf7+ Kxf7 56. Rf5+ Kg6 57.
Rf3 Kh5 58. Kh3 Rb3 59. Rf5+ Kg6 60. Rg5+ Kh6 61. f3 Rb4 62. Rd5 Rb3 63. h5 Ra3
64. Kg4 Ra4+ 65. f4 Ra3 66. Rd6+ Kh7 67. Rd7+ Kh6 68. Bh4 Ne5+ 69. fxe5 Ra4+
70. Kf5 Rxh4 71. g4 Rxg4 72. Rh7+ 1-0